Risks of terrorism: takes cover (Record no. 69174)
[ view plain ]
| 000 -LEADER | |
|---|---|
| fixed length control field | 01277cam a2200241 4500 |
| 001 - CONTROL NUMBER | |
| control field | ABS64915 |
| 008 - FIXED-LENGTH DATA ELEMENTS--GENERAL INFORMATION | |
| fixed length control field | 020103n2001 000 0 eng u |
| 035 ## - SYSTEM CONTROL NUMBER | |
| System control number | (Sirsi) u116118 |
| 100 ## - MAIN ENTRY--PERSONAL NAME | |
| Personal name | Button, R. |
| 245 ## - TITLE STATEMENT | |
| Title | Risks of terrorism: takes cover |
| 260 ## - PUBLICATION, DISTRIBUTION, ETC. | |
| Date of publication, distribution, etc. | 2001 |
| 490 ## - SERIES STATEMENT | |
| Series statement | CSM |
| -- | Chartered Surveyor Monthly |
| Volume/sequential designation | November & December 2001, 33(1) |
| 520 ## - SUMMARY, ETC. | |
| Summary, etc. | The cost of insurance is likely to rise after the events of 11 September and premiums for terrorism cover are also likely to increase substantially. There are two kinds of terrorism risk, direct physical damage or indirect delay and disruption to the works. Insurance policies normally cover terrorist damage but not disruption. Here the contractor is very vulnerable to very heavy costs and the employer will also be exposed to the loss of the liquidated damages. If a party required to insure decides to economise by excluding it can be seen that this could seriously jeopardise a project and affect the financial wellbeing of the parties. |
| 590 ## - LOCAL NOTE (RLIN) | |
| Local note | ABS |
| 650 ## - SUBJECT ADDED ENTRY--TOPICAL TERM | |
| Topical term or geographic name entry element | TERRORIST ATTACKS |
| 650 ## - SUBJECT ADDED ENTRY--TOPICAL TERM | |
| Topical term or geographic name entry element | INSURANCE PREMIUMS |
| 650 ## - SUBJECT ADDED ENTRY--TOPICAL TERM | |
| Topical term or geographic name entry element | TERRORISM COVER |
| 650 ## - SUBJECT ADDED ENTRY--TOPICAL TERM | |
| Topical term or geographic name entry element | JCT STANDARD FORM OF BUILDING CONTRACT 1998 |
| 650 ## - SUBJECT ADDED ENTRY--TOPICAL TERM | |
| Topical term or geographic name entry element | DAMAGES |
| 690 ## - LOCAL SUBJECT ADDED ENTRY--TOPICAL TERM (OCLC, RLIN) | |
| Topical term or geographic name as entry element | Insurance |
| 9 (RLIN) | 6249 |
| 700 ## - ADDED ENTRY--PERSONAL NAME | |
| Personal name | Mills, R. |
| 942 ## - ADDED ENTRY ELEMENTS (KOHA) | |
| Suppress in OPAC | 0 |
| Withdrawn status | Lost status | Source of classification or shelving scheme | Damaged status | Not for loan | Home library | Current library | Shelving location | Date acquired | Total Checkouts | Full call number | Barcode | Date last seen | Copy number | Price effective from | Koha item type |
|---|---|---|---|---|---|---|---|---|---|---|---|---|---|---|---|
| Dewey Decimal Classification | London | London | Journal article | 03/01/2002 | ABS64915 | 116118-1001 | 06/08/2019 | 1 | 06/08/2019 | Journal article |